| 000 | 00393nam a2200181Ia 4500 | ||
|---|---|---|---|
| 008 | 240510s9999 xx 000 0 und d | ||
| 020 | _a0009552102006 | ||
| 041 | _asih | ||
| 082 | _a891.483 | ||
| 082 | _bR17 | ||
| 100 | _aRATHNAYAKE, Madawala | ||
| 245 | 0 | _aAkkara Paha | |
| 260 | _bColombo :M.D. Gunasekara | ||
| 260 | _c2007 | ||
| 300 | _a261 p. | ||
| 942 | _2ddc | ||
| 942 | _cLBK | ||
| 999 |
_c28524 _d28524 |
||
| 945 |
_a1 _bMadushi Gamage _c1 _dMadushi Gamage |
||